000 00947nam a2200277Ia 4500
003 OSt
005 20220930082334.0
006 a|||||r|||| 00| 0
007 ta
008 220926b |||||||| |||| 00| 0 eng d
024 _a28,422
037 _cTheses
040 _aCRL
_cCRL
_beng
041 _2eng
_aeng
100 _aSaiqa Ikram
_9531069
110 _aUniversity of Delhi. Faculty of Science. Department of Applied Chemistry & Polymer Technology
245 0 _aStudies on polymeric membranes and their applications to pollution control
260 _aDelhi
_bUnivesity of Delhi India
_c1999
650 _a CHEMISTRY
650 _aPOLYMERS
_9440819
700 _a Gupta A P Gu.
_9531071
700 _a Verma G L Gu.
_9531072
700 _aUniversity of Delhi. Faculty of Science. Department of Applied Chemistry & Polymer Technology
942 _cDIS
_2CC
999 _c872922
_d872922